000 00472nam a22001577a 4500
003 OSt
005 20240419154840.0
008 240419b |||||||| |||| 00| 0 eng d
040 _cMRSPTU
100 _aGanga Parsad Vimal (गंगा प्रसाद विमल)
245 _a21 Shreshth Kahaniyan (21 श्रेष्ठ कहानियाँ)
250 _a1st
260 _aDelhi
_bDimond Pocket Book Pvt. Ltd
_c2009
300 _a200
942 _2ddc
_cBK
_n0
999 _c10123
_d10123